| 000 | 00724nam a2200193 a 4500 | ||
|---|---|---|---|
| 001 | 000048268 | ||
| 005 | 20201002061031.0 | ||
| 008 | 181211s2015 dr r 000 0 spa d | ||
| 020 | _a9789993467960 | ||
| 040 |
_aDO-SdBNP _bspa _cBNPHU |
||
| 082 |
_axxx _bA347p |
||
| 100 | 1 |
_aAlcántara, Virgilio _96466 |
|
| 245 | 1 | 4 |
_aA prueba de tiempo : _bCanada-República Dominicana 60 años de relaciones diplomáticas / _cVirgilio Alcántara. |
| 246 | 1 | _aTime tested Canada-Dominican Republic 60 years of diplomatic relations | |
| 260 |
_aSanto Domingo : _bBanreservas, _c2015. |
||
| 300 |
_a504 p. ; _c24 cm. |
||
| 590 | _aInventariado, 2019 / DG | ||
| 740 | 0 | _aTime tested Canada-Dominican Republic 60 years of diplomatic relations | |
| 999 |
_c47756 _d47756 |
||